| 000 | 00454nam a2200157 a 4500 | ||
|---|---|---|---|
| 001 | 1137 | ||
| 003 | CDMR | ||
| 005 | 20130801111626.0 | ||
| 008 | 130130s2009||||||||||||||||||||||||||||d | ||
| 020 | _a9788484092834 | ||
| 040 |
_aCDMR _bcat _cCPC LLEIDA |
||
| 100 | 1 |
_aSánchez Carcelén, Antoni _9890 |
|
| 245 | 1 | 4 |
_aEls defensors de Ferran VII a Lleida (1823-1833) _cSÁNCHEZ CARCELÉN, Antoni |
| 260 |
_aLleida _c2009 _bDiputació de Lleida |
||
| 942 |
_cMON _2udc |
||
| 999 |
_c1137 _d1137 |
||